Loading...
Science - Other Science | 0 | 3 | 0 | 0 | 30 | 80 | 102.67 | 0 | 2 |
Beliefs | 0 | 3 | 0 | 0 | 30 | 84 | 123.00 | 1 | 2 |
History - World History | 0 | 3 | 0 | 3 | 30 | 108 | 120.00 | 2 | 2 |
Fine Arts - Other Arts | 0 | 2 | 0 | 1 | 20 | 97 | 115.50 | 0 | 1 |
Social Science | 0 | 2 | 0 | 1 | 20 | 79 | 103.00 | 0 | 2 |
History - Ancient History | 0 | 2 | 0 | 0 | 20 | 99 | 112.50 | 1 | 1 |
Other Academic | 1 | 0 | 0 | 0 | 15 | 63 | 63.00 | 0 | 1 |
Philosophy | 1 | 0 | 0 | 0 | 15 | 72 | 72.00 | 1 | 1 |
Visual Arts | 0 | 1 | 0 | 1 | 10 | 126 | 126.00 | 0 | 1 |
History - American History | 0 | 1 | 0 | 1 | 10 | 129 | 129.00 | 0 | 0 |
History - European History | 0 | 1 | 0 | 0 | 10 | 93 | 93.00 | 0 | 1 |
Literature - British Literature | 0 | 1 | 0 | 0 | 10 | 85 | 85.00 | 0 | 0 |
Literature - European Literature | 0 | 1 | 0 | 0 | 10 | 83 | 83.00 | 1 | 1 |
Science - Chemistry | 0 | 1 | 0 | 0 | 10 | 118 | 118.00 | 0 | 1 |